Faculty of Law Library — Cairo University

Official Online Catalog

السطو على المصارف والوقاية التقنية / (Record no. 73431)

MARC details
000 -LEADER
fixed length control field 01231nam a2200301 4500
003 - CONTROL NUMBER IDENTIFIER
control field EG-GICUC
005 - DATE AND TIME OF LATEST TRANSACTION
control field 20260426102427.0
008 - FIXED-LENGTH DATA ELEMENTS--GENERAL INFORMATION
fixed length control field 260426b1990 ua|||||fr|||| 00| 0 ara d
040 ## - CATALOGING SOURCE
Original cataloging agency EG-GICUC
Language of cataloging ara
Transcribing agency EG-GICUC
Modifying agency EG-GICUC
Description conventions rda
043 ## - GEOGRAPHIC AREA CODE
Geographic area code f-ua---
082 04 - DEWEY DECIMAL CLASSIFICATION NUMBER
Edition number 21
Classification number 343.241
092 04 - LOCALLY ASSIGNED DEWEY CALL NUMBER (OCLC)
Edition number 21
099 ## - LOCAL FREE-TEXT CALL NUMBER (OCLC)
Classification number Law1 10 343.241 ب و . س 1990
100 0# - MAIN ENTRY--PERSONAL NAME
Personal name بوشلر، هاينز
245 12 - TITLE STATEMENT
Title السطو على المصارف والوقاية التقنية /
Statement of responsibility, etc. هاينز بوشلر، هاينز لاينفيبر.
264 ## - PRODUCTION, PUBLICATION, DISTRIBUTION, MANUFACTURE, AND COPYRIGHT NOTICE
Place of production, publication, distribution, manufacture الرياض:
Name of producer, publisher, distributor, manufacturer ,المركز العربي للدراسات الأمنية والتدريب
Date of production, publication, distribution, manufacture, or copyright notice 1990.
300 ## - PHYSICAL DESCRIPTION
Extent 168 صفحة
Dimensions 24 سم
336 ## - CONTENT TYPE
Source rda content
Content type term text
337 ## - MEDIA TYPE
Source rda media
Media type term Computer
338 ## - CARRIER TYPE
Source rda carrier
Carrier type term Online Resource
500 ## - GENERAL NOTE
General note ترجمة من اللغة الألمانية دار النشر بالمركز العربي للدراسات الأمنية والتدريب بإذن خاص من مكتب التحقيقات الفيدرالي الألماني.
650 1# - SUBJECT ADDED ENTRY--TOPICAL TERM
Source of heading or term qrmak
651 1# - SUBJECT ADDED ENTRY--GEOGRAPHIC NAME
Source of heading or term qrmak
700 ## - ADDED ENTRY--PERSONAL NAME
Personal name هاينز ,لاينفيبر
856 40 - ELECTRONIC LOCATION AND ACCESS
Uniform Resource Identifier <a href="https://fll.law.cu.edu.eg/fulltext/bks/B10-07522.pdf">https://fll.law.cu.edu.eg/fulltext/bks/B10-07522.pdf</a>
905 ## - Cataloger and Reviser Names
Cataloger Name: Radwa
942 ## - ADDED ENTRY ELEMENTS (KOHA)
Source of classification or shelving scheme Dewey Decimal Classification
Suppress in OPAC No
Koha item type Books
Edition 21
Holdings
Withdrawn status Lost status Source of classification or shelving scheme Damaged status Not for loan Collection Home library Current library Date acquired Total checkouts Full call number Barcode Date last seen Price effective from Koha item type
    Dewey Decimal Classification   Not for loan القانون الجنائي جــــامعة القــاهرة مكتبة كلية الحقوق - المبنى الرئيسي 26.04.2026   Law1 10 343.241 ب و . س 1990 1007522 C1 B10-07522 26.04.2026 26.04.2026 Books

© All rights reserved — Faculty of Law, Cairo University